000 00501nam a2200169 i 4500
001 bg
100 1 _aNOWAKOWSKI, Maciej
245 0 _aKształtowanie centrum miasta w świetle teorii i praktyki /
_cMaciej Nowakowski.
260 _aKraków :
_bPK,
_c1982.
300 _a180 s. ;
_c24 cm.
490 1 _aArchitektura. Politechnika Krakowska ;
_vz. 40
830 0 _aArchitektura.
_pPolitechnika Krakowska
040 _cBPK
041 _apol
942 _cKS
008 s pl f |000 0 pol
999 _c20928
_d20928
856 _uhttp://koha.tu.koszalin.pl/cgi-bin/koha/opac-detail.pl?biblionumber=20928
_yKatalog online BPK